000 00585cam a2200193 4500
001 D6313
008 090401t1982 xxu||||| |||| 00| 0 eng d
035 _a(Sirsi) u229
041 _aeng
050 _a692.8
100 _aKeating, Donald
245 _aBuilding contracts including a commentary on the J.C.T. Standard form of Building Contract. First supplement to the fourth edition, prepared by Anthony May and John Uff
260 _aLondon
_bSweet and Maxwell
_c1982
300 _axxi,142p. ; 25cm.
350 _a0
520 _aShelf 314
942 _n0
948 _c04/03/1997
999 _c85493
_d85493